1883 1898 1794 1676 1470 1438 1100 1514 1705 1823 1544 1262 1880 1014 1041 1649 1583 1119 1907 1654 1717 1639 1313 1354 1369 1807 1487 1893 1840 1391 1277 1804 1585 1237 1719 1869 1984 1252 1661 1314 1784 1943 1190 1637 1742 1910 1067 1880 1638 1144 1007 1792 1521 1287 1651 1210 1723 1706 1988 1942 1370 1749 1565 1090 1745 1559 1248 1743 1395 1950 1631 1481 1313 1266 1530 1029 1059 1337 1407 1827 1662 1904 1737 1678 1677 1178 1788 1661 1847 1401 1135 1276 1209 1818 1040 1768 1029 1612 1318 BCNSPRNW ULIB Ver.6.0+V

เปลี่ยนเป็นภาษาไทย

Change to English
 แสดงรายละเอียดบรรณานุกรม
  กลับหน้าหลัก

Brief Record : Get Marc (ISO 2709) : E-mail record : QR code < ปิดหน้าต่าง
LEADER : 00000nam 2200000uu 4500
001    13399128783
003     ULIB
008    240913s2565||||th 000 0 tha d
020 ^- ^a9786164262867
060  0 ^aWS310^bภ474ก
245 00 ^aภาวะฉุกเฉินโรคทางเดินอาหารและโรคตับในเด็ก =^bGastrointestinal and liver diseases in pediatric emergency /^cบรรณาธิการโดย ; ธิติมา เงินมมาก, นงลักษณ์ อ้อยมั่งมูล และภัทรวรินทร์ วะทา.
246 31 ^aGastrointestinal and liver diseases in pediatric emergency
260 ^- ^aพิษณุโลก :^bสำนักพิมพ์มหาวิทยาลัยนเรศวร,^c2565.
300 ^- ^a317 หน้า :^bภาพประกอบ, ตาราง.
505 0^ aบทที่ 1 การกลืนกินสารกัดกร่อน -- บทที่ 2 การกลืนสิ่งแปลกปลอมและ Bezoars -- บทที่ 3 อาเจียรเฉียบพลัน -- บทที่ 4 ลำไส้อุดตันแต่กำเนิด -- บทที่ 5 ลำไส้หมุนบิดตัว -- บทที่ 6 โรคสำไส้โป่งพองแต่กำเนิด -- บทที่ 7 ปวดท้องเฉียบพลัน -- บทที่ 8 ไส้ติ่งอักเสบเฉียบพลัน -- บทที่ 9 ตับอ่นอักเสบเฉียบพลัน -- บทที่ 10 โรคหลอดเลือดขนาดเล็กอักเสบ -- บทที่ 11 ท้องร่วงเฉียบพลันในเด็ก -- บทที่ 12 เยื่อบุช่องท้องอักเสบ -- บทที่ 13 ภาวะเลืือดออกจากทางเดินอาหารส่วนล่างในเด็ก -- บทที่ 14 ภาวะเลืือดออกจากทางเดินอาหารส่วนบนในเด็ก -- บทที่ 15 ตับวายเฉียบพลัน -- บทที่ 16 ผนังหน้าท้องโหว่ -- บทที่ 17 ไส้เลื่อนขาหนีบและถุงน้ำอัณฑะ -- บทที่ 18 การวินิจฉัยทางรังสีวิทยาในภาวะฉุกเฉินของโรคทางเดินอาหารในเด็ก -- บทที่ 19 การวินิจฉัยทางรังสีวิทยาในภาวะฉุกเฉินของโรคตับและท่อน้ำดีในเด็ก
650 ^7 ^aเด็ก,^xโรค
650 ^7 ^aโรคตับ
650 ^7 ^aระบบกระเพาะอาหารและลำไส้,^xโรค
700 0^ aธิติมา เงินมาก,^eบรรณาธิการ
700 0^ aนงลักษณ์ อ้อยมั่งมูล,^eบรรณาธิการ
700 0^ aภัทรวรินทร์ วะทา,^eบรรณาธิการ
945    ^p520^l0^i010769
945    ^p520^l0^i010770
945    ^p520^l0^i010771
999    ^aประนอม เกษจรัล
รายการนี้ยังไม่มีแท็ก
คุณยังไม่ได้ล็อกอิน คุณสามารถมีกิจกรรมร่วมกับเว็บไซต์ได้ แต่ต้องล็อกอินก่อน ::
  ล็อกอิน

รายการสื่อสารสนเทศ

ลำดับที่ ประเภท เลขเรียก/บาร์โค้ด สถานที่ สถานะ
1. วิทยาศาสตร์การแพทย์ และสุขภาพ
หนังสือสำรอง
สถานะ=หนังสือสำรอง
WS310 ภ474ก ฉ.1 
  Barcode: 010769
ห้องสมุดวิทยาเขตสวรรค์ประชารักษ์
►หนังสือทั่วไป
บนชั้น
2. วิทยาศาสตร์การแพทย์ และสุขภาพ
วิทยาศาสตร์การแพทย์ และสุขภาพ
WS310 ภ474ก ฉ.2 
  Barcode: 010770
ห้องสมุดวิทยาเขตสวรรค์ประชารักษ์
►หนังสือทั่วไป
บนชั้น
3. วิทยาศาสตร์การแพทย์ และสุขภาพ
วิทยาศาสตร์การแพทย์ และสุขภาพ
WS310 ภ474ก ฉ.3 
  Barcode: 010771
ห้องสมุดวิทยาเขตสวรรค์ประชารักษ์
►หนังสือทั่วไป
บนชั้น

รายการใกล้เคียง
    หัวเรื่อง [เด็ก, โรค]
    หัวเรื่อง [โรคตับ]
    หัวเรื่อง [ระบบกระเพาะอาหารและลำไส้, โรค]

BibComment


ยังไม่เคยถูกคอมเมนท์

คอมเมนท์ทรัพยากรรายการนี้
  คอมเมนท์: ภาวะฉุกเฉินโรคทา..


 Copyright 2026. Bcnsprnw @Library